Эртний хүний мөрөөр : Монголд хийсэн аялал / (Record no. 30249)

MARC details
000 -LEADER
fixed length control field 02793nam a22003137a 4500
003 - CONTROL NUMBER IDENTIFIER
control field OSt
005 - DATE AND TIME OF LATEST TRANSACTION
control field 20260415171954.0
008 - FIXED-LENGTH DATA ELEMENTS--GENERAL INFORMATION
fixed length control field 230203b mp ||||| |||| 00| 0 mon d
020 ## - INTERNATIONAL STANDARD BOOK NUMBER
International Standard Book Number 99962-1-099-0
Qualifying information (зөөлөн хавтастай)
040 ## - CATALOGING SOURCE
Original cataloging agency MN-MNUMS
Language of cataloging MON
Description conventions rda
Transcribing agency MN-MNUMS
Modifying agency MN-MNUMS
082 ## - DEWEY DECIMAL CLASSIFICATION NUMBER
Classification number 910.951 7
Item number Э 627
Edition number 21
100 ## - MAIN ENTRY--PERSONAL NAME
Personal name Эндрюс Рой Чапмэн
9 (RLIN) 60540
Relator term зохиогч
245 ## - TITLE STATEMENT
Title Эртний хүний мөрөөр : Монголд хийсэн аялал /
Remainder of title Төв азийн шинжилгээний ангийн тухай хүүрнэл тэмдэглэл
Statement of responsibility, etc. Орчуулсан: Д. Гэрэлттөв, Д. Маралгоо; Ариутган шүүсэн: Д. Батбаяр, Г.Амар; Нэр томъёоны редактор: Р.Барсболд, Д.Бадамгарав
250 ## - EDITION STATEMENT
Edition statement Нэмж засварласан гутгаар хэвлэл
264 ## - PRODUCTION, PUBLICATION, DISTRIBUTION, MANUFACTURE, AND COPYRIGHT NOTICE
Place of production, publication, distribution, manufacture Улаанбаатар,
Date of production, publication, distribution, manufacture, or copyright notice 2012.
300 ## - PHYSICAL DESCRIPTION
Extent 329 хуудастай:
Other physical details зурагтай;
505 ## - FORMATTED CONTENTS NOTE
Title Гарчиг
Title Бэлтгэл ажил --
-- Хадуурсан нь --
-- "Алтан ноостыг" авласан нь --
-- Замдаа гарсан нь --
-- Амьд бурханы хот --
-- Ламын оронд хээрээр буусан нь --
-- Говь цөлийн Кентаки Дерби --
-- Балучитериумийг олсон нь --
-- Баянзагийг нээсэн нь --
-- Гурван сая жилийн тэртээх аварга араатнууд --
-- Шинэ жил, шинэ олдворууд --
-- Үлэг гүрвэлийн өндгөө нуусан газар --
-- Профессор Осборн шинжилгээний багийг эргэсэн нь --
-- Бүр том, бүтэн өндөг --
-- Монголын Элсэн Манханы эзэд --
-- Элсэн Говийн эмгэнэль явдал --
-- Эртний хүний мөрөөр --
-- Дэлхийн хамгийн эртний хөхтөн амьтад --
-- Могой ба чулуужсан яснууд
546 ## - LANGUAGE NOTE
Хэл монгол
Information code or alphabet кирилл
650 #4 - SUBJECT ADDED ENTRY--TOPICAL TERM
Topical term or geographic name entry element Монголыг судалсан гадаад эрдэмтэд
9 (RLIN) 70932
Topical term or geographic name entry element Төв Азийн шинжилгээний анги
9 (RLIN) 70933
700 ## - ADDED ENTRY--PERSONAL NAME
Personal name Гэрэлттөв, Дашдооровын
9 (RLIN) 60541
Relator term орчуулагч
Personal name Маралгоо, Дашдооровын
9 (RLIN) 60542
Relator term орчуулагч
Personal name Батбаяр, Дарамын
9 (RLIN) 60543
Relator term ариутган шүүгч
Personal name Амар, Гүрбазарын
9 (RLIN) 66094
Relator term ариутган шүүгч
Personal name Барсболд, Ринчений
Relator term нэр томъёоны редактор
9 (RLIN) 70934
Personal name Бадамгарав, Дэмчигийн
Relator term нэр томъёоны редактор
9 (RLIN) 70935
942 ## - ADDED ENTRY ELEMENTS (KOHA)
Source of classification or shelving scheme Dewey Decimal Classification
Koha item type Ном
Holdings
Date last seen Inventory number Total Checkouts Full call number Barcode Price effective from Koha item type Public note Lost status Source of classification or shelving scheme Damaged status Not for loan Withdrawn status Home library Current library Shelving location Date acquired Cost, normal purchase price
02/03/2023 9233   910.951 7 Э 627 ATNS-M11953 02/03/2023 Ном 2023.05 | 2024.06   Dewey Decimal Classification       Эрдэм шинжилгээний номын сан Эрдэм шинжилгээний номын сан Үндсэн фонд 02/03/2023 18000.00